zpět

Detail výsledku týmu

Na Dobrým místě, Úvaly

Datum a čas kvízu

24 Celkem bodů Celkový počet nahraných bodů na tomto kvízu bez doplňovacích otázek.
5. Pořadí na kvízu Konečné umístění týmu na tomto kvízu.

Zaznamenané odpovědi

# Otázka Odpověď Body Výsledky
1. Jednou z nejúspěšnějších filmo... Hulk 0
2. Ve které komediální filmové sé... Policejní akademie 0
3. Jak se jmenuje fiktivní jihoče... Kameňákov 1
4. Napište naprosto bezchybně pří... Galifianakis 1
5. Kdo byl premiérem České republ... Miloš Zeman 0
6. Začneme komedií Petra Schulhof... Hodíme se k sobě, miláčku...? 0
7. I následující film z roku 1981... Ten svetr si nesvlíkej 1
8. Film Jana Hřebejka Musíme si p... Csongor Kassai, Anna Šišková 0
9. Přesuneme se do současnosti. V... Tereza Kostková, Veronika Khek Kubařová, Jenovéfa Boková 1
10. Populární trilogie Bobule z le... Kryštof Hádek, Lukáš Langmajer, Tereza Voříšková / Ramba 1